000 00778nam a2200229Ii 4500
003 JO-AjNU
008 230605s9999||||xx |||||||||||||| ||und||
017 _a2014/4/1736
020 _a978-9957-571-47-4
040 _aJO-AjNU
_bara
_erda
_cJO-AjNU
041 _aara
050 1 4 _aPB161.2.N37 2015
100 3 _aالنجار، زغلول راغب,
_eauthor
_959539
245 0 0 _aنظرة الاسلام الى الإنسان والكون والحياة
250 _aط4
264 3 1 _aعمان: جمعية المحافظه على القرآن الكريم، 2015
300 _a123ص
336 _atext
_btxt
_2rdacontent
337 _aunmediated
_bn
_2rdamedia
338 _avolume
_bnc
_2rdacarrier
650 4 _aالثقافة الاسلامية- الاسلام
_959540
999 _aA26798
_c30366
_d30366